|
|
|
|
| LEADER |
00000nam a2200000 a 4500 |
| 001 |
vtls008303241 |
| 003 |
SK-MaSNL |
| 005 |
20260302074209.0 |
| 008 |
150827s2005 xo g 000 p slo |
| 015 |
|
|
|a SNBA2005/12-05230
|
| 020 |
|
|
|a 8071497541 (viaz.)
|
| 035 |
|
|
|a F3EDC1A3-FA8B-4ABA-AFCD-40A28C5815C6
|
| 035 |
|
|
|a urn:nbn:sk:snk-amje1w
|
| 035 |
|
|
|a urn:nbn:sk:snk-am000xjc
|
| 040 |
|
|
|a SNK
|b slo
|c SNK
|e AACR2
|
| 041 |
1 |
|
|a slo
|h hun
|
| 044 |
|
|
|a xo
|c SK
|
| 072 |
|
7 |
|a 821.511.1
|x Ugrofínske literatúry
|2 konspekt
|
| 080 |
|
|
|a 821.511.141-1
|2 1997
|
| 080 |
|
|
|a (082.21)
|2 1997
|
| 080 |
|
|
|a 821.511.141-1-051
|2 1997
|
| 245 |
0 |
0 |
|a A hľadáme pravdu
|b výber z diela Attilu Józsefa
|c [zostavil a doslov napísal Karol Tomiš; preklad Valentín Beniak, Emil Boleslav Lukáč, Ján Smrek]
|
| 250 |
|
|
|a [1. vyd.]
|
| 260 |
|
|
|a Bratislava
|b Kultúrny inštitút Maďarskej republiky
|b Kalligram
|c 2005
|
| 300 |
|
|
|a 177 s.
|c 19 cm
|
| 490 |
1 |
|
|a Dialógy
|a = Dialógus Könyvek
|
| 500 |
|
|
|a Tir. aj maď.
|
| 504 |
|
|
|a Pozn.
|
| 600 |
1 |
7 |
|a József, Attila,
|d 1905-1937
|2 SNKPH
|9 210880
|
| 650 |
0 |
7 |
|a maďarskí básnici
|2 SNKPH
|9 74803
|
| 655 |
|
7 |
|a maďarská poézia
|2 SNKPH
|9 70602
|
| 655 |
|
7 |
|a výbery
|2 SNKPH
|9 67620
|
| 700 |
1 |
|
|a Tomiš, Karol,
|d 1929-2013
|4 com
|9 105522
|
| 700 |
1 |
|
|a Beniak, Valentín,
|d 1894-1973
|4 trl
|9 144668
|
| 700 |
1 |
|
|a Lukáč, Emil Boleslav,
|d 1900-1979
|4 trl
|9 111229
|
| 700 |
1 |
|
|a Smrek, Ján,
|d 1898-1982
|4 trl
|9 106970
|
| 830 |
|
0 |
|a Dialógy
|a = Dialógus Könyvek
|9 739517
|
| 919 |
|
|
|a 80-7149-754-1
|
| 968 |
|
|
|b MAG
|d 821
|
| 999 |
|
|
|c 1164073
|d 1166003
|
| 952 |
|
|
|a SNK
|b SNK
|y PREZ
|7 0
|p 17A0485924
|o snkSD 75156
|i snk2005/17171
|8 0
|0 0
|1 0
|4 0
|d 2005-10-17
|l 0
|r 2025-11-24 00:00:00
|w 2026-02-24
|
| 952 |
|
|
|a SNK
|b SNK
|y VYP
|7 0
|p 17A0485923
|o snkSD 75156 D1
|i snk2005/17172
|8 0
|z ;
|0 0
|1 0
|4 0
|d 2005-10-17
|l 0
|r 2017-06-30 00:00:00
|w 2026-02-24
|